Vista normal
Vista MARC
Entrada Corporate Name
Número de registros utilizados en: 1
001 - CONTROL NUMBER
- control field: 43881
003 - CONTROL NUMBER IDENTIFIER
- control field: OSt
005 - DATE AND TIME OF LATEST TRANSACTION
- control field: 20241009162112.0
008 - FIXED-LENGTH DATA ELEMENTS
- fixed length control field: 241009|| aca||aabn | a|a d
040 ## - CATALOGING SOURCE
- Original cataloging agency: OSt
- Transcribing agency: OSt
110 ## - HEADING--CORPORATE NAME
- Corporate name or jurisdiction name as entry element: Universidad Autónoma de Colombia,
- Subordinate unit: Departamento de Humanidades
670 ## - SOURCE DATA FOUND
- Source citation: Work cat.: (OSt)30852: Universidad Autónoma de Colombia, Departamento de Humanidades., Vivir la lectura y la escritura : , 2008.